MyGZULibrary

Going for gold : (Record no. 7198)

MARC details
000 -LEADER
fixed length control field 01455cam a2200361 a 4500
001 - CONTROL NUMBER
control field 2998116
003 - CONTROL NUMBER IDENTIFIER
control field GZU
005 - DATE AND TIME OF LATEST TRANSACTION
control field 20210505144418.0
008 - FIXED-LENGTH DATA ELEMENTS--GENERAL INFORMATION
fixed length control field 931005s1994 cauab b 001 0 eng
010 ## - LIBRARY OF CONGRESS CONTROL NUMBER
LC control number 93038187
020 ## - INTERNATIONAL STANDARD BOOK NUMBER
International Standard Book Number 0520081307 (alk. paper)
020 ## - INTERNATIONAL STANDARD BOOK NUMBER
International Standard Book Number 0520086449 (pbk. : alk. paper)
040 ## - CATALOGING SOURCE
Original cataloging agency DLC
Transcribing agency DLC
Modifying agency DLC
043 ## - GEOGRAPHIC AREA CODE
Geographic area code f-sa---
050 00 - LIBRARY OF CONGRESS CALL NUMBER
Classification number HD8039 MOO 1994
Item number S655 1994
082 00 - DEWEY DECIMAL CLASSIFICATION NUMBER
Classification number 305.9/622
Edition number 20
100 1# - MAIN ENTRY--PERSONAL NAME
Personal name Moodie, T. Dunbar.
245 10 - TITLE STATEMENT
Title Going for gold :
Remainder of title men, mines, and migration /
Statement of responsibility, etc. T. Dunbar Moodie with Vivienne Ndatshe.
260 ## - PUBLICATION, DISTRIBUTION, ETC.
Place of publication, distribution, etc. Berkeley :
Name of publisher, distributor, etc. University of California Press,
Date of publication, distribution, etc. c1994.
300 ## - PHYSICAL DESCRIPTION
Extent xxi, 337 p. :
Other physical details ill., maps ;
Dimensions 24 cm.
440 #0 - SERIES STATEMENT/ADDED ENTRY--TITLE
Title Perspectives on Southern Africa ;
Volume/sequential designation 51
500 ## - GENERAL NOTE
General note Includes bibliography
504 ## - BIBLIOGRAPHY, ETC. NOTE
Bibliography, etc. note Includes bibliographical references (p. 313-324) and index.
600 ## - SUBJECT ADDED ENTRY--PERSONAL NAME
Source of heading or term Migrant cultures
650 #0 - SUBJECT ADDED ENTRY--TOPICAL TERM
Topical term or geographic name entry element Gold miners
Geographic subdivision South Africa
General subdivision Social conditions.
650 #0 - SUBJECT ADDED ENTRY--TOPICAL TERM
Topical term or geographic name entry element Blacks
Geographic subdivision South Africa
General subdivision Social conditions.
700 1# - ADDED ENTRY--PERSONAL NAME
Personal name Ndatshe, Vivienne.
856 42 - ELECTRONIC LOCATION AND ACCESS
Materials specified Contributor biographical information
Uniform Resource Identifier <a href="http://www.loc.gov/catdir/bios/ucal051/93038187.html">http://www.loc.gov/catdir/bios/ucal051/93038187.html</a>
856 42 - ELECTRONIC LOCATION AND ACCESS
Materials specified Publisher description
Uniform Resource Identifier <a href="http://www.loc.gov/catdir/description/ucal041/93038187.html">http://www.loc.gov/catdir/description/ucal041/93038187.html</a>
906 ## - LOCAL DATA ELEMENT F, LDF (RLIN)
a 7
b cbc
c orignew
d 1
e ocip
f 19
g y-gencatlg
942 ## - ADDED ENTRY ELEMENTS (KOHA)
Source of classification or shelving scheme Library of Congress Classification
Koha item type Books
Classification part 8039
Item part MOO
Call number prefix HD
Holdings
Withdrawn status Lost status Damaged status Not for loan Collection code Home library Current library Shelving location Date acquired Total Checkouts Full call number Barcode Date last seen Copy number Price effective from Koha item type
        Non-fiction Gender Resource Centre Gender Resource Centre General Stacks 05/05/2021   HD8039 MOO 1994 001157 05/05/2021 c.1 05/05/2021 Books
        Non-fiction Gender Resource Centre Gender Resource Centre General Stacks 05/13/2021   HD8039 MOO 1994 001156 05/13/2021 c.2 05/13/2021 Books